<?xml version="1.0" encoding="UTF-8"?>
<record
    xmlns:xsi="http://www.w3.org/2001/XMLSchema-instance"
    xsi:schemaLocation="http://www.loc.gov/MARC21/slim http://www.loc.gov/standards/marcxml/schema/MARC21slim.xsd"
    xmlns="http://www.loc.gov/MARC21/slim">

  <leader>01111cam a22002651a 4500</leader>
  <controlfield tag="001">78227</controlfield>
  <controlfield tag="003">BD-RjUL</controlfield>
  <controlfield tag="005">20220112120840.0</controlfield>
  <controlfield tag="008">210821s1964    le            000 0 ara d</controlfield>
  <datafield tag="020" ind1=" " ind2=" ">
    <subfield code="a">9953432430</subfield>
  </datafield>
  <datafield tag="035" ind1=" " ind2=" ">
    <subfield code="a">(BD-RjUL)78453</subfield>
  </datafield>
  <datafield tag="040" ind1=" " ind2=" ">
    <subfield code="a">BRL</subfield>
    <subfield code="b">eng</subfield>
    <subfield code="c">BRL</subfield>
    <subfield code="d">OCLCQ</subfield>
    <subfield code="d">OCLCO</subfield>
    <subfield code="d">OCLCQ</subfield>
    <subfield code="d">OCLCO</subfield>
    <subfield code="d">OCLCF</subfield>
    <subfield code="d">OCLCA</subfield>
    <subfield code="d">BRL</subfield>
    <subfield code="d">DLC</subfield>
  </datafield>
  <datafield tag="041" ind1=" " ind2=" ">
    <subfield code="a">ara</subfield>
  </datafield>
  <datafield tag="082" ind1=" " ind2=" ">
    <subfield code="2">23</subfield>
    <subfield code="a">892.71</subfield>
    <subfield code="b">ZOS 2002</subfield>
  </datafield>
  <datafield tag="100" ind1=" " ind2=" ">
    <subfield code="a">&#x632;&#x648;&#x632;&#x646;&#x64A;&#x60C; &#x639;&#x628;&#x62F;&#x627;&#x644;&#x644;&#x647; &#x62D;&#x633;&#x646; &#x628;&#x646; &#x623;&#x62D;&#x645;&#x62F;  ;; Zozni, Abdullah Hassan bin Ahmed, </subfield>
    <subfield code="9">247088</subfield>
  </datafield>
  <datafield tag="130" ind1="0" ind2=" ">
    <subfield code="6">880-01</subfield>
    <subfield code="a">Mu&#x2BB;allaq&#x101;t.</subfield>
    <subfield code="9">247089</subfield>
  </datafield>
  <datafield tag="245" ind1="1" ind2="0">
    <subfield code="a"> &#x634;&#x631;&#x62D; &#x627;&#x644;&#x645;&#x639;&#x644;&#x642;&#x627;&#x62A; &#x627;&#x644;&#x633;&#x628;&#x639;&#x200F;  ;; Shar&#x1E25; al-Mu&#x2BB;allaq&#x101;t al-sab&#x2BB; /</subfield>
    <subfield code="c">&#x62A;&#x62D;&#x642;&#x64A;&#x642; &#x645;&#x62D;&#x645;&#x62F; &#x627;&#x644;&#x641;&#x627;&#x636;&#x644;&#x64A;; &#x639;&#x628;&#x62F;&#x627;&#x644;&#x644;&#x647; &#x627;&#x644;&#x62D;&#x633;&#x646; &#x628;&#x646; &#x623;&#x62D;&#x645;&#x62F; &#x627;&#x644;&#x632;&#x648;&#x632;&#x646;&#x64A; ;; Abdullah Al-Hassan bin Ahmed Al-Zawzani ; tahqiq muhamad alfadilii </subfield>
  </datafield>
  <datafield tag="260" ind1=" " ind2=" ">
    <subfield code="a">&#x628;&#x64A;&#x631;&#x648;&#x62A; :</subfield>
    <subfield code="b">,&#x627;&#x644;&#x645;&#x643;&#x62A;&#x628;&#x629; &#x627;&#x644;&#x639;&#x635;&#x631;&#x64A;&#x629;</subfield>
    <subfield code="c">&#x662;&#x660;&#x660;&#x662; [&#x661;&#x664;&#x662;&#x663;]</subfield>
  </datafield>
  <datafield tag="260" ind1=" " ind2=" ">
    <subfield code="a">Beirut :</subfield>
    <subfield code="b">almaktabat aleasria ,</subfield>
    <subfield code="c">2002</subfield>
  </datafield>
  <datafield tag="300" ind1=" " ind2=" ">
    <subfield code="a">245 pages ;</subfield>
    <subfield code="c">22 cm</subfield>
  </datafield>
  <datafield tag="650" ind1=" " ind2="0">
    <subfield code="a">Arabic poetry.</subfield>
    <subfield code="9">247090</subfield>
  </datafield>
  <datafield tag="700" ind1=" " ind2=" ">
    <subfield code="a">alfadilii, muhamad </subfield>
    <subfield code="9">679</subfield>
  </datafield>
  <datafield tag="880" ind1="0" ind2="4">
    <subfield code="6">630-04/(3/r&#x200F;</subfield>
    <subfield code="a">&#x200F;&#x645;&#x639;&#x644;&#x642;&#x627;&#x62A;.</subfield>
  </datafield>
  <datafield tag="942" ind1=" " ind2=" ">
    <subfield code="2">ddc</subfield>
    <subfield code="c">BK</subfield>
  </datafield>
  <datafield tag="999" ind1=" " ind2=" ">
    <subfield code="c">78227</subfield>
    <subfield code="d">78227</subfield>
  </datafield>
  <datafield tag="952" ind1=" " ind2=" ">
    <subfield code="0">0</subfield>
    <subfield code="1">0</subfield>
    <subfield code="2">ddc</subfield>
    <subfield code="4">0</subfield>
    <subfield code="7">1</subfield>
    <subfield code="8">NFIC</subfield>
    <subfield code="a">RUCL</subfield>
    <subfield code="b">RUCL</subfield>
    <subfield code="c">Reading</subfield>
    <subfield code="d">2021-08-22</subfield>
    <subfield code="l">0</subfield>
    <subfield code="o">A 892.71 ZOS 2002</subfield>
    <subfield code="r">2021-08-22 00:00:00</subfield>
    <subfield code="t">C-1</subfield>
    <subfield code="w">2021-08-22</subfield>
    <subfield code="y">BK</subfield>
  </datafield>
</record>
